| 000 | 00821nam a2200253 i 4500 | ||
|---|---|---|---|
| 001 | 6107 | ||
| 003 | ES-MaACL | ||
| 005 | 20250807012153.0 | ||
| 007 | t| | ||
| 008 | 890712s1984 sp ||||1| spa d | ||
| 020 | _a84-500-9809-2 | ||
| 080 | _a7 Dámaso, Pepe | ||
| 080 | _a75(46)"1933/..." Damaso,Pepe | ||
| 245 | 0 | 0 |
_aPepe Dámaso _b: héroes atlánticos / _c[Celso Martín de Guzmán...(et al.)]. |
| 260 |
_a[Santa Cruz de Tenerife] : _bGobierno de Canarias, _c1984. |
||
| 300 |
_a158 p. : _bprincipalmente il. ; _c29 cm. |
||
| 500 | _aBibliografia. | ||
| 600 | 1 | 4 |
_aDámaso, Pepe. _942556 |
| 700 | 1 |
_aMartín de Guzmán, Celso. _977450 |
|
| 700 | 1 |
_aDámaso, Pepe. _942556 |
|
| 710 | 1 |
_aCanarias. _bGobierno _9241613 |
|
| 852 |
_aES-MaACL _jL-11785 _bR.116062 _z. - cart. |
||
| 999 |
_c6107 _d6107 |
||